O škole a vzdělání

Enregistré dans:
Détails bibliographiques
Auteur principal: Masaryk, Tomáš Garrigue
Format: Livre
Langue:tchèque
Publié: Praha Stát. ped. nakl. 1990
Édition:1. vyd.
Tags: Ajouter un tag
Pas de tags, Soyez le premier à ajouter un tag!

MARC

LEADER 00000nam a2200000 4500
001 c034003
005 20250512113345.2
041 0 |a cze 
044 |a CZ 
245 1 0 |a O škole a vzdělání  |c Tomáš Garrigue Masaryk 
250 |a 1. vyd. 
264 1 |a Praha  |b Stát. ped. nakl.  |c 1990 
300 |a 135 s. 
100 1 |a Masaryk, Tomáš Garrigue